|
|
|
|
| LEADER |
02067nam a2200457 i 4500 |
| 001 |
EBC2012543 |
| 003 |
MiAaPQ |
| 005 |
20200520144314.0 |
| 006 |
m o d | |
| 007 |
cr cnu|||||||| |
| 008 |
150424t20142014vaua ob 000 0 eng d |
| 020 |
|
|
|z 9781464803512
|
| 020 |
|
|
|a 9781464803529
|q (electronic bk.)
|
| 035 |
|
|
|a (MiAaPQ)EBC2012543
|
| 035 |
|
|
|a (Au-PeEL)EBL2012543
|
| 035 |
|
|
|a (CaPaEBR)ebr11043055
|
| 035 |
|
|
|a (CaONFJC)MIL768040
|
| 035 |
|
|
|a (OCoLC)907941649
|
| 040 |
|
|
|a MiAaPQ
|b eng
|e rda
|e pn
|c MiAaPQ
|d MiAaPQ
|
| 050 |
|
4 |
|a HD3611
|b .W675 2014
|
| 082 |
0 |
|
|a 346.07
|2 23
|
| 110 |
2 |
|
|a World Bank Group,
|e author.
|
| 245 |
1 |
0 |
|a Doing business 2015 :
|b going beyond efficiency : comparing business regulations for domestic firms in 189 economies : a World Bank Group flagship report /
|c World Bank Group.
|
| 250 |
|
|
|a Twelfth edition.
|
| 264 |
|
1 |
|a [Herndon, Virginia] :
|b World Bank Group,
|c 2014.
|
| 264 |
|
4 |
|c 2014
|
| 300 |
|
|
|a 1 online resource (331 pages) :
|b color illustrations, tables
|
| 336 |
|
|
|a text
|2 rdacontent
|
| 337 |
|
|
|a computer
|2 rdamedia
|
| 338 |
|
|
|a online resource
|2 rdacarrier
|
| 504 |
|
|
|a Includes bibliographical references.
|
| 588 |
|
|
|a Description based on print version record.
|
| 590 |
|
|
|a Electronic reproduction. Ann Arbor, MI : ProQuest, 2015. Available via World Wide Web. Access may be limited to ProQuest affiliated libraries.
|
| 650 |
|
0 |
|a New business enterprises
|v Statistics.
|
| 650 |
|
0 |
|a Commercial law
|v Statistics.
|
| 650 |
|
0 |
|a Trade regulation
|v Statistics.
|
| 650 |
|
0 |
|a Industrial laws and legislation.
|
| 655 |
|
4 |
|a Electronic books.
|
| 776 |
0 |
8 |
|i Print version:
|a World Bank Group.
|t Doing business 2015 : going beyond efficiency : comparing business regulations for domestic firms in 189 economies : a World Bank Group flagship report.
|b Twelfth edition.
|d [Herndon, Virginia] : World Bank Group, c2014
|h x, 318 pages
|z 9781464803512
|w 2014498610
|
| 797 |
2 |
|
|a ProQuest (Firm)
|
| 856 |
4 |
0 |
|u https://ebookcentral.proquest.com/lib/matrademy/detail.action?docID=2012543
|z Click to View
|